|
|
|
|
| LEADER |
00000nam a2200000 a 4500 |
| 001 |
vtls001368290 |
| 003 |
SK-MaSNL |
| 005 |
20260301201240.0 |
| 008 |
240315s1973 xo 0 und |
| 035 |
|
|
|a SNK000321990
|
| 040 |
|
|
|a SNK
|b slo
|c SNK
|e AACR2
|
| 044 |
|
|
|a xo
|c SK
|
| 100 |
1 |
|
|a Fulla, Ľudovít,
|d 1902-1980
|4 aut
|9 14872
|
| 245 |
1 |
|
|a Exlibrisy Ľudovíta Fullu
|
| 260 |
|
|
|a Martin
|b Matica slovenská
|c 1973
|
| 300 |
|
|
|a [21] voľ. listov v prebale
|
| 958 |
|
|
|a OND
|
| 999 |
|
|
|c 893939
|d 895869
|
| 952 |
|
|
|a SNK
|b SNK
|y PREZ
|7 0
|p 17A0202575
|o snkOSE 937 D1
|i snkKSP 1393/74
|3 Obsahuje: 22 grafík v obale s preslovom
|z Obsahuje: 22 grafík v obale s preslovom
|0 0
|1 0
|4 0
|d 1999-07-16
|l 0
|r 2005-01-02 00:00:00
|w 2026-02-24
|